| 000 | 01022nam a22003017a 4500 | ||
|---|---|---|---|
| 003 | CHAP | ||
| 005 | 20220329135432.0 | ||
| 008 | 971013s1973 r 00010 d | ||
| 010 | _a36402 | ||
| 011 | _a37374 | ||
| 035 | _a41494 | ||
| 040 | _cCHAP | ||
| 082 |
_a631.44 _bM4 |
||
| 110 |
_aMéxico. Dirección de Agrología _976930 |
||
| 245 |
_aDefiniciones de las unidades de suelos para el mapa de suelos del mundo _b: proyecto FAO _c/ UNESCO |
||
| 260 |
_aMéxico, D.F. : _bLa Dirección, _c1973 |
||
| 300 | _a126 p | ||
| 590 |
_aBATCH-UPD _b10 _c20130110 _lUCH01 _h1854 |
||
| 590 |
_aBATCH-UPD _b10 _c20130410 _lUCH01 _h1223 |
||
| 590 |
_aBATCH-UPD _b10 _c20130914 _lUCH01 _h2037 |
||
| 590 |
_aCONVERSION _b10 _c20130109 _lUCH01 _h1320 |
||
| 650 | 1 | 4 |
_aSuelos _xClasificación. _9110239 |
| 650 | 1 | 4 |
_aSuelos _xMapas. _9110427 |
| 901 | _aBK | ||
| 942 | _cLIBRO | ||
| 949 |
_a631.44 M4 _bBC _cLIBRO _d33724000915237 _eLIBRO _fc.2 _h109340 _i41494 _mD _sb |
||
| 949 |
_a631.44 M4 _bBC _cLIBRO _d33724000988598 _eLIBRO _h57720 _i41494 _mD _si |
||
| 999 |
_c36402 _d36402 |
||